| 000 | 00916nam a22002772a 4500 | ||
|---|---|---|---|
| 001 | 15348 | ||
| 003 | BD-RjUL | ||
| 005 | 20211208235810.0 | ||
| 008 | 140209s1964 nyua b 000 0 eng d | ||
| 020 | _a070028362 | ||
| 035 |
_a(BD-RjUL)15402 _aOCLC ocm00744557 from D950206M |
||
| 040 |
_aDLC _cCPL _dOCL _dSER _dUKM _dEQO _dBD-RjUL _beng |
||
| 041 | _aeng | ||
| 082 | 0 | 0 |
_a658.154 _bBAC 1964 |
| 100 | 1 |
_aBacker, Morton. _945897 |
|
| 245 | 1 | 0 |
_aCost accounting, a managerial approach / _cby Morton Backer and Lyle E. Jacobsen. |
| 250 | _aInternational Student edition | ||
| 260 |
_aNew York : _bMcGraw-Hill, _c1964. |
||
| 300 |
_axii, 678 p. : _bill.; _c22 cm. |
||
| 504 | _aIncludes bibliographical references and index. | ||
| 650 | 0 |
_aCost accounting _947692 |
|
| 700 | 1 |
_aJacobsen, Lyle Elmer, _d1929- _9230106 |
|
| 830 | 0 |
_aMcGraw-Hill accounting series _9230107 |
|
| 942 |
_2ddc _cBK |
||
| 999 |
_c15348 _d15348 |
||